000
00237nam a22000977a 4500
008
240220b |||||||| |||| 00| 0 eng d
082
_a
DG
_b
KATO1
100
1
0
_a
Kate, Lauren
_e
autor
_9
43465
245
_a
Oscuros /
_c
Lauren Kate
942
_2
ddc
999
_c
30660
_d
17044